000 00329nam a2200121 a 4500
001 4140
005 20140414131956.0
008 090218s19uu xx 00 eng d
050 _aTR 523.3
_bOr5 2006
100 _aOrme, Helen
245 _aWhy does the moon change shape? :
_bhelping to explain our solar system.
999 _c112939
_d112939